|
|
|
|
| LEADER |
00000naa0a2200000 4500 |
| 001 |
595208 |
| 005 |
20250227091855.0 |
| 035 |
|
|
|a (RuTPU)RU\TPU\tpu\15630
|
| 090 |
|
|
|a 595208
|
| 100 |
|
|
|a 20090204d1962 k y0rusy50 ca
|
| 101 |
0 |
|
|a rus
|
| 102 |
|
|
|a RU
|
| 200 |
1 |
|
|a Опыт применения гидрогеохимического метода поисков в условиях сплошной многолетней мерзлоты
|f С. Л. Шварцев
|
| 333 |
|
|
|a В фонде НТБ ТПУ отсутствует
|
| 463 |
|
|
|t Труды межведомственного совещания по гидрогеохимическому методу поисков рудных месторождений, 1960
|v С. 145-149
|d 1962
|
| 610 |
1 |
|
|a труды учёных ТПУ
|
| 700 |
|
1 |
|a Шварцев
|b С. Л.
|c российский гидрогеолог, доктор геолого-минералогических наук
|c профессор Томского политехнического университета, академик РАЕН
|f 1936-
|g Степан Львович
|3 (RuTPU)RU\TPU\pers\25914
|
| 801 |
|
1 |
|a RU
|b 63413507
|c 20090204
|g PSBO
|
| 801 |
|
2 |
|a RU
|b 63413507
|c 20100413
|g PSBO
|
| 942 |
|
|
|c BK
|